ბათუმის შოთა რუსთაველის სახელმწიფო უნივერსიტეტის ბიბლიოთეკა

Мировая история в датах / (ბიბ.ჩანაწერი № 61057)

000 -LEADER
fixed length control field 00555nam a22001697a 4500
005 - DATE AND TIME OF LATEST TRANSACTION
control field 20231212170913.0
008 - FIXED-LENGTH DATA ELEMENTS--GENERAL INFORMATION
fixed length control field 231212s1994 ru ||||| |||| 00| 0 rus d
020 ## - INTERNATIONAL STANDARD BOOK NUMBER
International Standard Book Number 5751900251
041 ## - LANGUAGE CODE
Language code of text/sound track or separate title rus
080 ## - UNIVERSAL DECIMAL CLASSIFICATION NUMBER
Universal Decimal Classification number 94(100) Ч-59
100 ## - MAIN ENTRY--PERSONAL NAME
Personal name Чизхолм, Д.
9 (RLIN) 20682
245 ## - TITLE STATEMENT
Title Мировая история в датах /
Statement of responsibility, etc. Д. Чизхолм.
264 ## - PRODUCTION, PUBLICATION, DISTRIBUTION, MANUFACTURE, AND COPYRIGHT NOTICE
Place of production, publication, distribution, manufacture М.:
Name of producer, publisher, distributor, manufacturer Росмэн;
Date of production, publication, distribution, manufacture, or copyright notice 1994.
300 ## - PHYSICAL DESCRIPTION
Extent 128 с.:
Other physical details ил. ;
Dimensions 27 см.
653 ## - INDEX TERM--UNCONTROLLED
keyword მსოფლიო ისტორია თარიღებში
942 ## - ADDED ENTRY ELEMENTS (KOHA)
Source of classification or shelving scheme
Koha item type წიგნი
ეგზემპლარები
Withdrawn status Lost status Source of classification or shelving scheme Damaged status Not for loan Permanent Location Current Location Shelving location Date acquired Serial Enumeration / chronology Full call number Barcode Date last seen Copy number Uniform Resource Identifier Price effective from Koha item type Public note
          ბათუმის შოთა რუსთაველის სახელმწიფო უნივერსიტეტის მთავარი ბიბლიოთეკა ბათუმის შოთა რუსთაველის სახელმწიფო უნივერსიტეტის მთავარი ბიბლიოთეკა წიგნსაცავი 2023-12-12 8.00 94(100) Ч-59 65577 2023-12-12 6577 ბსუ-ს საპატიო დოქტორის გურამ ლორთქიფანიძის საჩუქარი 2023-12-12 წიგნი 8 ლ.